[Event "Sochi Lazarevskoe op"]
[Site "Sochi"]
[Date "2012.06.14"]
[Round "1"]
[White "Golod, Ilja"]
[Black "Kvanin, Georgy"]
[Result "1-0"]
[WhiteElo "2329"]
[BlackElo "1951"]
[PlyCount "53"]
[EventDate "2012.06.14"]
[EventType "swiss"]
[EventRounds "9"]
[EventCountry "RUS"]
[SourceTitle "EXT 2013"]
[Source "ChessBase"]
[SourceDate "2012.11.22"]
[SourceVersion "1"]
[SourceVersionDate "2012.11.22"]
[SourceQuality "1"]

1. e4 c5 2. Nf3 Nc6 3. Bb5 e6 4. Bxc6 bxc6 5. d3 d5 6. Nbd2 Be7 7. 0-0 Nf6 8. Qe2 0-0 9. b3 Qc7 10. Bb2 d4 11. e5 Nd5 12. a4 f6 13. Rfe1 f5 14. Nc4 Ba6 15. Nd6 Nf4 16. Qd2 g5 17. Ba3 Qb6 18. a5 Qd8 19. Bxc5 Kh8 20. Nxd4 Qc7 21. g3 Rg8 22. gxf4 gxf4+ 23. Kh1 Bxd6 24. exd6 Qg7 25. f3 e5 26. Nxf5 Qf6 27. Ne7 1-0

[Event "Sochi op"]
[Site "Sochi"]
[Date "2011.06.25"]
[Round "9"]
[White "Golod, Ilja"]
[Black "Bondarev, Boris"]
[Result "1-0"]
[WhiteElo "2332"]
[BlackElo "2116"]
[PlyCount "29"]
[EventDate "2011.06.17"]
[EventType "swiss"]
[EventRounds "9"]
[EventCountry "RUS"]
[SourceTitle "EXT 2012"]
[Source "ChessBase"]
[SourceDate "2011.11.24"]
[SourceVersion "1"]
[SourceVersionDate "2011.11.24"]
[SourceQuality "1"]

1. e4 e5 2. Nf3 Nc6 3. Bc4 h6 4. 0-0 Nf6 5. d4 Nxe4 6. Nxe5 Nxe5 7. dxe5 Ng5 8. f4 Bc5+ 9. Kh1 Ne6 10. f5 Ng5 11. Nc3 c6 12. Qh5 Rf8 13. h4 Nh7 14. Ne4 d5 15. exd6 1-0

[Event "Sochi op"]
[Site "Sochi"]
[Date "2011.06.18"]
[Round "2"]
[White "Zakaryan, David"]
[Black "Golod, Ilja"]
[Result "0-1"]
[WhiteElo "2008"]
[BlackElo "2332"]
[PlyCount "102"]
[EventDate "2011.06.17"]
[EventType "swiss"]
[EventRounds "9"]
[EventCountry "RUS"]
[SourceTitle "EXT 2012"]
[Source "ChessBase"]
[SourceDate "2011.11.24"]
[SourceVersion "1"]
[SourceVersionDate "2011.11.24"]
[SourceQuality "1"]

1. e4 e5 2. Nf3 Nc6 3. Bb5 a6 4. Ba4 Nf6 5. d3 d6 6. 0-0 Bd7 7. c4 g6 8. Nc3 Bg7 9. h3 0-0 10. Be3 h6 11. Rc1 Kh7 12. a3 a5 13. Qc2 b6 14. Nd5 Nh5 15. Bxc6 Bxc6 16. d4 Rc8 17. dxe5 dxe5 18. Rfd1 Qe8 19. c5 b5 20. b4 a4 21. Nh2 Qe6 22. Qe2 Nf6 23. Qf3 Rfd8 24. Nxf6+ Bxf6 25. Ng4 Bg7 26. Rxd8 Rxd8 27. Rd1 Bxe4 28. Qe2 Rxd1+ 29. Qxd1 f5 30. Nh2 Qd5 31. Qxd5 Bxd5 32. Nf1 g5 33. Bc1 e4 34. Ne3 Be6 35. g3 Kg6 36. Ng2 c6 37. h4 Bf6 38. hxg5 hxg5 39. Ne3 Be5 40. Kf1 f4 41. gxf4 gxf4 42. Nd1 Bb3 43. Ke1 Bxd1 44. Kxd1 Kf5 45. Ke1 Kg4 46. Ke2 Bd4 47. f3+ exf3+ 48. Kf1 Kg3 49. Bd2 Bb2 50. Be1+ Kg4 51. Bd2 Bxa3 0-1

[Event "RUS-Cup01 Chigorin Memorial"]
[Site "St Petersburg"]
[Date "1996.??.??"]
[Round "5"]
[White "Klimov, Sergey"]
[Black "Golod, Ilja"]
[Result "1-0"]
[WhiteElo "2400"]
[BlackElo "2300"]
[PlyCount "59"]
[EventDate "1996.11.??"]
[EventType "swiss"]
[EventRounds "9"]
[EventCountry "RUS"]
[SourceTitle "CBM 056 Extra"]
[Source "ChessBase"]
[SourceDate "1997.03.01"]
[SourceVersion "1"]
[SourceVersionDate "1997.03.01"]
[SourceQuality "1"]

1. e4 e5 2. Nf3 Nc6 3. Bb5 a6 4. Ba4 Nf6 5. Qe2 d6 6. 0-0 Bd7 7. c3 Qe7 8. d4 exd4 9. cxd4 Qxe4 10. Qd1 Qg4 11. Re1+ Be7 12. Nc3 b5 13. h3 Qh5 14. Bc2 0-0 15. Ne2 Nxd4 16. Qxd4 c5 17. Qd1 Qd5 18. Bd2 Qb7 19. Nf4 Bc6 20. Bc3 d5 21. Ne5 Be8 22. Ng4 d4 23. Qd3 g6 24. Bd2 Nxg4 25. hxg4 Bf6 26. Nh5 Bh8 27. Bh6 c4 28. Qg3 d3 29. Qd6 Bc6 30. Nf6+ 1-0